| 000 | 00632nam a22001457a 4500 | ||
|---|---|---|---|
| 020 | _a81-7478-829-8 | ||
| 082 |
_a823 _bSUB/N |
||
| 100 | _aSUBRAMANIAM, NEELA | ||
| 245 | _aSTORIES OF PANCHATANTRA | ||
| 260 |
_aCHENNAI _bLOYALTY LEADS TO LEADERSHIP _c2015 |
||
| 300 | _a68 | ||
| 520 | _aPanchatantra stories are one of the most widely translated books in the history and are known for their wisdom on practical life. The stories themselves are delightfully narrated, with animals and birds often being the central characters. Thus they provide valuable life lessons in a light-hearted manner. | ||
| 650 | _aSHORT STORY | ||
| 942 | _cBK | ||
| 999 |
_c6495 _d6495 |
||